01159nam a2200193Ia 4500001001100000003001000011008004100021040002500062041001300087100001600100245008700116250001100203260008600214300001200300500026000312501011400572520026000686650001900946L942-43504IT-CnALBA170116s9999||||xx |||||||||||||| ||und|| aIT-CnALBAcIT-CnALBA aITALIANO aCARROLL JIM 0aJIM ENTRA NEL CAMPO DI BASKET. DIARIO DI UN ADOLESCENTE NELLE STRADE DI NEW YORK.  a1a ed. aTORINObFRASSINELLI TIPOGR. EDIT. c1995 [1° Ed.:1995 - Ed.Ling.Originale: 1963] a221 p.  aTRADUZIONE DALL'INGLESE. DIARIO DI ADOLESCENTE ANNI '60. CASO LETTERARIO IN USA. CONSENSO AMPIO, BESTSELLER. PICCOLO CAMPIONE DI BASKET CON TALENTO PER LA SCRITTURA. DIARIO. MANIFESTO. PROBLEMA DELLA SOPRAVVIVENZA DELLA GIUNGLA UMANA A NEW YORK. DROGA. SU aSocietà San Paolo EM - Piazza San Paolo, 14 - 12051 ALBA (CN) (non commercial uses only) ® Copyright 2017 aTRADUZIONE DALL'INGLESE. DIARIO DI ADOLESCENTE ANNI '60. CASO LETTERARIO IN USA. CONSENSO AMPIO, BESTSELLER. PICCOLO CAMPIONE DI BASKET CON TALENTO PER LA SCRITTURA. DIARIO. MANIFESTO. PROBLEMA DELLA SOPRAVVIVENZA DELLA GIUNGLA UMANA A NEW YORK. DROGA. SU aSTORIA MODERNA